[Event "TCh-SRB 1st League"]
[Site "Kragujevac SRB"]
[Date "2009.09.06"]
[Round "6"]
[White "Ivanisevic,I"]
[Black "Vuckovic,Bo"]
[Result "0-1"]
[WhiteElo "2614"]
[BlackElo "2600"]

1.Nf3 Nf6 2.c4 c5 3.Nc3 e6 4.g3 b6 5.Bg2 Bb7 6.O-O Be7 7.Re1 d6 8.e4 Nbd7
9.d4 cxd4 10.Nxd4 Qc7 11.Ndb5 Qb8 12.f4 a6 13.Nd4 Ra7 14.Nd5 exd5 15.exd5 Nf8
16.Qa4+ Kd8 17.Be3 Ng4 18.Bd2 Nd7 19.Rxe7 Kxe7 20.Nf5+ Kd8 21.Qa3 Qc7 22.h3 Nh6
23.Nxd6 Nc5 24.Nxb7+ Nxb7 25.Be3 Nf5 26.Bf2 Nfd6 27.Rc1 Ra8 28.b4 Nxc4 29.d6 Nbxd6
30.Qd3 Kd7 31.Bd5 b5 32.a4 Rhe8 33.Bd4 Rad8 34.Bc5 Kc8 35.axb5 axb5 36.Qf3 f5
37.Ra1 Nb6 38.Bc6 Re4 39.Bxe4 Nxe4 40.Qe3 Na4 41.Bd4 Kb7 42.Rc1 Qd7 43.Be5 Rc8  0-1

[Event "XXXII Banicky kahanec"]
[Site "Prievidza CZE"]
[Date "2009.09.06"]
[Round "3"]
[White "Stohl,I"]
[Black "Mas,H"]
[Result "1-0"]
[WhiteElo "2543"]
[BlackElo "2416"]

1.Nf3 c5 2.c4 Nf6 3.Nc3 b6 4.e4 d6 5.d4 cxd4 6.Nxd4 Bb7 7.f3 e6 8.Be3 Be7
9.Be2 O-O 10.O-O Nbd7 11.Qd2 a6 12.Kh1 Qc7 13.Rac1 Rac8 14.Rfd1 Qb8 15.b4 Rfe8
16.a3 Bd8 17.Nb3 Bc7 18.Bf4 Ne5 19.Bxe5 dxe5 20.c5 Nh5 21.Qe3 b5 22.a4 bxa4
23.Nxa4 Rcd8 24.Nb6 Nf4 25.Bf1 f5 26.Na5 fxe4 27.fxe4 Rd4 28.Rxd4 exd4 29.Qxd4 Be5
30.Qc4 Qc7 31.Rd1 Bc6 32.Nxc6 Qxc6 33.b5 axb5 34.Qxb5 Qxb5 35.Bxb5 Re7 36.g3 Nh5
37.Nd7 Bc7 38.e5 g5 39.Ra1 Kg7 40.c6 Kh6 41.Ra7 Bxe5 42.c7 Bxc7 43.Rxc7 Nf6
44.Rb7 g4 45.Nc5 Rxb7 46.Nxb7 Kg5 47.Bd3 h5 48.Nc5 h4 49.Ne4+  1-0

[Event "TCh-SRB 1st League"]
[Site "Kragujevac SRB"]
[Date "2009.09.08"]
[Round "7"]
[White "Strikovic,A"]
[Black "Perunovic,Mio"]
[Result "0-1"]
[WhiteElo "2512"]
[BlackElo "2439"]

1.c4 c5 2.Nc3 Nf6 3.Nf3 e6 4.g3 b6 5.Bg2 Bb7 6.O-O Be7 7.Re1 Ne4 8.Nxe4 Bxe4
9.d3 Bb7 10.e4 d6 11.d4 cxd4 12.Nxd4 O-O 13.b3 a6 14.f4 Nd7 15.Be3 Rc8 16.Rc1 Re8
17.h3 Qc7 18.Ne2 Qb8 19.Nc3 Bf8 20.Qd2 Bc6 21.b4 Bb7 22.Qd3 Qa8 23.Na4 b5
24.cxb5 axb5 25.Nc3 Qa3 26.Bf1 Qa8 27.Qxb5 Nf6 28.a4 e5 29.a5 exf4 30.gxf4 Nxe4
31.Nxe4 Bxe4 32.Qa6 Rxc1 33.Bxc1 Qd8 34.Qe2 d5 35.Bd2 Re6 36.Qf2 Rg6+ 37.Kh2 Be7
38.Rc1 h6 39.Qd4 Bd6 40.Qf2 Be7 41.Be1 Rf6 42.Bc3 Rg6 43.Qe3 Bd6 44.Be5 Bxe5
45.fxe5 Qe7 46.Qf4 Qxb4 47.Rd1 Qc5 48.h4  0-1

[Event "TCh-SRB 1st League"]
[Site "Kragujevac SRB"]
[Date "2009.09.08"]
[Round "7"]
[White "Arsovic,Z"]
[Black "Milanovic,Da"]
[Result "0-1"]
[WhiteElo "2468"]
[BlackElo "2533"]

1.Nf3 Nf6 2.c4 c5 3.Nc3 b6 4.d4 cxd4 5.Nxd4 Bb7 6.f3 a6 7.e4 d6 8.Be2 e6
9.O-O Be7 10.Be3 O-O 11.Qd2 Qc7 12.Rac1 Nbd7 13.a3 Rac8 14.b4 Qb8 15.Rc2 Rfe8
16.Kh1 h5 17.Rd1 h4 18.Bf1 Ba8 19.Na4 Bd8 20.Nb3 h3 21.Bf4 hxg2+ 22.Qxg2 Ne5
23.Bxe5 dxe5 24.c5 b5 25.Nc3 g6 26.Rd6 Bb7 27.a4 Bc7 28.axb5 Bxd6 29.cxd6 axb5
30.Nxb5 Rxc2 31.Qxc2 Ba6 32.Qc5 Rc8 33.Qxe5 Nd7 34.Qg5 Bxb5 35.Bxb5 Qxd6
36.Bxd7 Rc2 37.Qg1 Qxd7 38.Qf1 Qd6  0-1

[Event "XXXII Banicky kahanec"]
[Site "Prievidza CZE"]
[Date "2009.09.11"]
[Round "8"]
[White "Jurcik,Mari"]
[Black "Simacek,P"]
[Result "1/2-1/2"]
[WhiteElo "2477"]
[BlackElo "2499"]

1.Nf3 c5 2.c4 Nf6 3.Nc3 g6 4.d4 cxd4 5.Nxd4 Bg7 6.e4 Nc6 7.Be3 d6 8.Be2 O-O
9.O-O Nxd4 10.Bxd4 Bd7 11.f4 Bc6 12.Bf3 Nd7 13.Bxg7 Kxg7 14.Qd4+ f6 15.Kh1 Qb6
16.Qd2 a5 17.Rac1 a4 18.Nd5 Bxd5 19.exd5 Qa5 20.Qd4 Qc5 21.Qc3 Qa5 22.Rfe1 Qxc3
23.Rxe7+ Rf7 24.Rxf7+ Kxf7 25.Rxc3 Re8 26.Rc1 Nc5 27.g3 f5 28.Kg1 h6 29.Kf1 Nd3
30.Rb1 Re3 31.Be2 Nc5 32.Kf2 Re7 33.Rd1 Kf6 34.Bd3 g5 35.Bc2 Ne4+ 36.Bxe4 Rxe4
37.fxg5+ hxg5 38.b3 f4 39.Re1 fxg3+ 40.hxg3 Rd4 41.Re6+ Kf5 42.Ke3 Rg4 43.Kf3 Rd4
44.g4+ Rxg4 45.Rxd6 Rh4 46.Rb6 axb3 47.axb3 Rh7 48.Kg3 g4 49.b4 Ke5 50.Rb5 Kd4
51.Rc5 b6 52.Rc6 b5 53.cxb5 Kxd5 54.Kxg4 Rh8 55.Kg5 Rh7 56.Rc8 Kd6 57.Ra8 Rb7
58.Rd8+ Ke5 59.Rf8 Kd4 60.Rf4+ Kc3  1/2-1/2

[Event "ch-RUS HL"]
[Site "Ulan Ude RUS"]
[Date "2009.09.11"]
[Round "9"]
[White "Popov,Val"]
[Black "Sharafiev,A"]
[Result "1-0"]
[WhiteElo "2595"]
[BlackElo "2400"]

1.Nf3 c5 2.c4 Nf6 3.Nc3 e6 4.d4 cxd4 5.Nxd4 d5 6.Bf4 Nbd7 7.Qa4 Bc5 8.cxd5 O-O
9.Nb3 Nb6 10.Qa5 Nbxd5 11.Qxc5 Nxf4 12.Rd1 Qb6 13.Qxb6 axb6 14.e3 N4d5 15.Nxd5 Nxd5
16.a3 Ne7 17.Rd6 Nc6 18.Bb5 e5 19.Bxc6 bxc6 20.Rxc6 Be6 21.Nd2 Rfc8 22.Rxc8+ Rxc8
23.Kd1 f6 24.e4 Rd8 25.Re1 Bb3+ 26.Ke2 Ba4 27.Rc1 Bb5+ 28.Ke1 Rd7 29.Nb1 Kf7
30.Rc8 g5 31.Nc3 Ba6 32.Rc6  1-0

[Event "ch-POR"]
[Site "Amadora POR"]
[Date "2009.09.12"]
[Round "8"]
[White "Andrade,Jo"]
[Black "Santos,AntonioP"]
[Result "0-1"]
[WhiteElo "2259"]
[BlackElo "2264"]

1.c4 Nf6 2.Nc3 e6 3.Nf3 c5 4.d4 cxd4 5.Nxd4 Be7 6.e4 d6 7.Be2 O-O 8.O-O a6
9.Be3 b6 10.Rc1 Bb7 11.f3 Nc6 12.Qe1 Rb8 13.Nb3 Re8 14.Qf2 Ba8 15.Rfd1 Nd7
16.Rd2 Bf8 17.a3 Qc7 18.Na1 Na5 19.Rdc2 Rec8 20.b4 Nc6 21.Nb3 Qd8 22.Na4 a5
23.c5 bxc5 24.b5 Na7 25.Qf1 Nb6 26.Nxb6 Qxb6 27.a4 Nc6 28.Nxc5 Nb4 29.Rc4 dxc5
30.Qf2 h6 31.h4 Qd8 32.g4 Nd3 33.Bxd3 Qxd3 34.Bd2 f5 35.Bxa5 fxe4 36.fxe4 Bxe4
37.Bd2 Bd5 38.Rf4 Qh3 39.Qe3  0-1

[Event "XXXII Banicky kahanec"]
[Site "Prievidza CZE"]
[Date "2009.09.12"]
[Round "9"]
[White "Michalik,P"]
[Black "Mas,H"]
[Result "1-0"]
[WhiteElo "2439"]
[BlackElo "2416"]

1.Nf3 c5 2.c4 Nf6 3.Nc3 e6 4.g3 d5 5.cxd5 exd5 6.d4 h6 7.Bg2 Nc6 8.O-O a6
9.b3 Be6 10.Bb2 Be7 11.dxc5 Bxc5 12.e3 O-O 13.Ne2 Rc8 14.Nf4 Qe7 15.Nd4 Rfd8
16.Ndxe6 fxe6 17.Bh3 Rd6 18.Rc1 Ne4 19.Bxe6+ Rxe6 20.Qxd5 Re8 21.Nxe6 Qxe6
22.Rxc5  1-0

[Event "4th Xtracon Skovbo"]
[Site "Borup DEN"]
[Date "2009.09.13"]
[Round "9"]
[White "Hein,Ja"]
[Black "Draeger,M"]
[Result "0-1"]
[WhiteElo "1567"]
[BlackElo "1850"]

1.c4 Nf6 2.Nf3 e6 3.Nc3 c5 4.g3 Nc6 5.Bg2 Be7 6.e4 O-O 7.d4 cxd4 8.Nxd4 a6
9.Be3 d6 10.O-O Qc7 11.b4 Nxb4 12.Qb3 Nc6 13.Rac1 Na5 14.Nxe6 Bxe6 15.Qb6 Qxb6
16.Bxb6 Nc6 17.Nd5 Bxd5 18.cxd5 Ne5 19.Rfd1 Ned7 20.Bd4 Rac8 21.a4 Rfd8 22.Rxc8 Rxc8
23.Bh3 Rc4 24.Bb2 Nc5 25.e5 Nfe4 26.f3 Nc3 27.Bf1 Nxd1 28.Bxc4 Nxb2  0-1

[Event "ch-RUS HL"]
[Site "Ulan Ude RUS"]
[Date "2009.09.13"]
[Round "11"]
[White "Landa,K"]
[Black "Timofeev,Arty"]
[Result "1/2-1/2"]
[WhiteElo "2655"]
[BlackElo "2668"]

1.Nf3 c5 2.c4 Nf6 3.Nc3 d5 4.cxd5 Nxd5 5.d4 Nxc3 6.bxc3 g6 7.Bf4 Bg7 8.e3 Qa5
9.Qd2 Bf5 10.Be5 O-O 11.Bxg7 Kxg7 12.Be2 Rd8 13.Rc1 Nc6 14.O-O cxd4 15.exd4 e5
16.Qb2 exd4 17.Nxd4 Nxd4 18.cxd4 Qb6 19.Qxb6 axb6 20.Rc7 Rxd4 21.Bc4 Rd7
22.Rxd7 Bxd7 23.f3 b5 24.Bb3 Kf6 25.Rb1 Ra5 26.Re1 Ra6 27.Kf2 Be6 28.Bxe6 Rxe6
29.Rb1 Re5 30.Rc1 b4 31.Rc7 Ra5 32.Rxb7 Rxa2+ 33.Kg3 Rb2 34.h4 b3 35.Kf4 h5
36.g4 hxg4 37.fxg4 Rb1 38.Kg3 Kg7 39.Kg2 Rb2+ 40.Kg3 Rb1 41.Kg2 b2 42.g5 Kf8
43.Kh2 Ke8 44.Kg2 Kd8 45.Kh2 Kc8 46.Rb4 Kc7 47.Kg2 Kc6 48.Rb8 Kc5 49.Rb7 Kd4
50.Rd7+ Ke4 51.Re7+ Kf4 52.Rxf7+ Kg4  1/2-1/2

[Event "USCL 2009"]
[Site "ICC INT"]
[Date "2009.09.14"]
[Round "3"]
[White "Uesugi,S"]
[Black "Bartell,T"]
[Result "1/2-1/2"]
[WhiteElo "2314"]
[BlackElo "2368"]

1.Nf3 Nf6 2.c4 c5 3.Nc3 b6 4.g3 Bb7 5.Bg2 e6 6.O-O Be7 7.d4 cxd4 8.Qxd4 d6
9.Rd1 a6 10.b3 Nbd7 11.Bb2 O-O 12.Ng5 Bxg2 13.Kxg2 Qc7 14.f3 Qb7 15.Rab1 Rfd8
16.Qf4 b5 17.Nce4 h6 18.Nxf6+ Nxf6 19.Ne4 Nxe4 20.Qxe4 Qxe4 21.fxe4 bxc4
22.bxc4 e5 23.Ba3 Rac8 24.Rbc1 Kf8 25.Kf3 Ke8 26.e3 Rc6 27.Ke2 Rdc8 28.Kd3 R6c7
29.Rc3 h5  1/2-1/2

[Event "USCL 2009"]
[Site "ICC INT"]
[Date "2009.09.16"]
[Round "3"]
[White "Sinanan,J"]
[Black "Martinez,Leo"]
[Result "1/2-1/2"]
[WhiteElo "2249"]
[BlackElo "2241"]

1.Nf3 Nf6 2.c4 c5 3.Nc3 e6 4.g3 b6 5.Bg2 Bb7 6.O-O Be7 7.d4 cxd4 8.Qxd4 d6
9.b3 O-O 10.Bb2 a6 11.Rfd1 Nbd7 12.Rac1 Qc7 13.Qe3 Rfe8 14.Nd4 Bxg2 15.Kxg2 Rac8
16.f3 Bf8 17.Qd2 Qb7 18.e4 Ne5 19.Re1 d5 20.cxd5 exd5 21.Nxd5 Nxd5 22.exd5 Qxd5
23.Rxc8 Rxc8 24.Qe2 f6 25.Qxa6 Nxf3 26.Nxf3 Rc2+ 27.Re2 Qe4 28.Rxc2 Qxc2+
29.Kh3 Qf5+ 30.Kg2 Qc2+ 31.Kh3 Qf5+ 32.Kg2 Qc2+  1/2-1/2

[Event "TCh-ROU Superliga"]
[Site "Eforie Nord ROU"]
[Date "2009.09.23"]
[Round "5"]
[White "Miroshnichenko,E"]
[Black "Milu,R"]
[Result "1/2-1/2"]
[WhiteElo "2690"]
[BlackElo "2425"]

1.Nf3 c5 2.c4 Nf6 3.Nc3 e6 4.g3 b6 5.Bg2 Bb7 6.O-O a6 7.Re1 Be7 8.e4 d6 9.d4 cxd4
10.Nxd4 Qc7 11.Be3 O-O 12.Rc1 Re8 13.f4 Bf8 14.g4 Nfd7 15.f5 Nc6 16.b3 Nxd4
17.Bxd4 Qd8 18.Rc2 Rc8 19.a4 Bc6 20.Rd2 Qg5 21.Be3 Qf6 22.Bd4 Qg5 23.Be3 Qf6
24.fxe6 fxe6 25.Ne2 Qh4 26.h3 Nc5 27.Nd4 Ba8 28.Bf2 Qf6 29.Bg3 Qh6 30.Rde2 Be7
31.Nf3 Rcd8 32.b4 Nd7 33.Qb3 a5 34.b5 Nc5 35.Qc2 Qg6 36.Kh2 Bf6 37.Bf2 Rc8
38.Bg3 Rcd8 39.Bf2 Rc8 40.Bg3 Rcd8  1/2-1/2

[Event "Bolungarvik Open"]
[Site "Reykjavik ISL"]
[Date "2009.09.24"]
[Round "8"]
[White "Ivanov,MM"]
[Black "Lagerman,R"]
[Result "1/2-1/2"]
[WhiteElo "2459"]
[BlackElo "2351"]

1.Nf3 Nf6 2.c4 c5 3.Nc3 g6 4.e4 Nc6 5.d4 cxd4 6.Nxd4 Bg7 7.Be3 O-O 8.Be2 d6
9.O-O Bd7 10.f3 Nxd4  1/2-1/2

[Event "TCh-ROU Superliga"]
[Site "Eforie Nord ROU"]
[Date "2009.09.25"]
[Round "7"]
[White "Itkis,B"]
[Black "Carmaciu,L"]
[Result "1/2-1/2"]
[WhiteElo "2438"]
[BlackElo "2407"]

1.Nf3 Nf6 2.c4 c5 3.Nc3 d5 4.cxd5 Nxd5 5.g3 Nc6 6.Bg2 Nb6 7.O-O e5 8.d3 f6
9.Be3 Be6 10.Na4 Nxa4 11.Qxa4 Qd7 12.Rfc1 Nd4 13.Qxd7+ Bxd7 14.Nxd4 cxd4
15.Bd2 Bd6 16.e3 Rc8 17.exd4 exd4 18.Bxb7 Rb8 19.Re1+ Kf8 20.Bd5 Rxb2 21.Bf4 Bxf4
22.gxf4 g6 23.Rac1 Rb5 24.Bc6 Bxc6 25.Rxc6 Kg7 26.Re7+ Kh6 27.Rxf6 Ra5 28.Rd6 Rxa2
29.Rxd4 a5 30.Rdd7 a4 31.Kg2 Rb2 32.Ra7 Rb4 33.Re4 Rb3 34.Re3 Rb5 35.Rh3+ Rh5
36.Rxh5+ Kxh5 37.Kg3 a3 38.Ra5+ Kh6 39.Rxa3 Rd8 40.f5 gxf5 41.Kf4 Rd5 42.Ke3 Kg5
43.d4 Rb5 44.Rd3 Rd5 45.Kd2 h6 46.Kc3 Kf4 47.h3 Rd8 48.d5 Ke5 49.Re3+ Kf4
50.Kd4 h5 51.Rd3 h4 52.Kc5 Rc8+ 53.Kb6 Ke4 54.Rd2 Kf3 55.d6 f4 56.d7 Rh8
57.Rc2 Rd8 58.Kc7 Rh8 59.Rc4 Kxf2  1/2-1/2

[Event "TCh-ROU Superliga"]
[Site "Eforie Nord ROU"]
[Date "2009.09.25"]
[Round "7"]
[White "Cozmolici,S"]
[Black "Anton,T"]
[Result "1/2-1/2"]
[WhiteElo "2029"]
[BlackElo "2372"]

1.c4 Nf6 2.Nc3 b6 3.Nf3 c5 4.g3 Bb7 5.Bg2 e6 6.e3 Be7 7.O-O a6 8.b3 O-O 9.Bb2 d6
10.d4 Nbd7 11.Qc2 Qc7 12.Rad1 cxd4 13.Nxd4 Bxg2 14.Kxg2 Rac8 15.Qe2 Rfe8
16.Nf3 Qb7 17.Kg1 Bf8 18.e4 Ne5 19.Ba3 Nxf3+ 20.Qxf3 Red8 21.Rd3 b5 22.cxb5 axb5
23.e5 Qxf3 24.Rxf3 dxe5 25.Bxf8 Kxf8 26.Nxb5 Rc2 27.a4 e4 28.Re3 Rb2 29.h3 Rd3
30.Rxd3 exd3 31.Rd1 Rxb3 32.Nd4 Ra3 33.Nb5 Rxa4 34.Rxd3 Nd5 35.Rd2 Ke7 36.Kg2 h5
37.Nd4 g6 38.Nf3 f6 39.h4 Kd6 40.Nd4 Rb4 41.Ne2 Ke5 42.Ng1 Rb6 43.Nf3+ Kd6
44.Nd4 e5 45.Ne2 Ke6 46.Ng1 Rb3 47.Ne2 Ra3 48.Rb2 Ra4 49.Rd2 Rc4 50.Ng1 Ne7
51.Nf3 Nc6 52.Ne1 Nd4 53.Nf3 Kd5 54.Ra2 Nc6 55.Rd2+ Ke6 56.Ne1 Nb4 57.Kf1 e4
58.Ke2 Ke5 59.Ng2 Nd3 60.Ne1 Nc1+ 61.Kf1 Rb4 62.Rd1 Rc4 63.Rd2 Nb3 64.Rd1 Ra4
65.Ng2 Ra2 66.Nf4 Nd2+ 67.Kg2 Kf5 68.Nd5 Nc4 69.Re1 Rc2 70.Ne7+ Ke6 71.Rxe4+ Ne5
72.Nxg6 Kf5 73.Nxe5 Kxe4 74.Ng6 Rc5 75.Nf4 Ra5 76.Ne2 Rf5 77.g4 Ra5 78.Ng3+ Kf4
79.Nxh5+ Kxg4 80.Nxf6+ Kf4 81.Nh7 Kg4 82.Ng5 Kxh4 83.Ne4 Kg4 84.Ng3 Ra2 85.Nf1 Kf4
86.Ng3 Ra8 87.Ne2+  1/2-1/2

[Event "TCh-ISL 2009-10"]
[Site "Rekjavik ISL"]
[Date "2009.09.25"]
[Round "1"]
[White "Kjartansson,G"]
[Black "Hoffmann,Micha1"]
[Result "1-0"]
[WhiteElo "2413"]
[BlackElo "2513"]

1.Nf3 e6 2.c4 Nf6 3.Nc3 c5 4.g3 b6 5.Bg2 Bb7 6.O-O d6 7.d4 cxd4 8.Qxd4 a6
9.Be3 Nbd7 10.Rfd1 Be7 11.Ng5 Bxg2 12.Kxg2 O-O 13.Nge4 Nxe4 14.Nxe4 Qc7 15.b4 b5
16.Rac1 Ne5 17.cxb5 Qb7 18.b6 Nc6 19.Nxd6 Bxd6 20.Qxd6 Nxb4+ 21.f3 a5 22.Rc7 Qa6
23.b7 Qxe2+ 24.Bf2 Rae8 25.Rc8  1-0

[Event "TCh-NED 2009-10"]
[Site "Netherlands NED"]
[Date "2009.09.26"]
[Round "1"]
[White "Chuchelov,V"]
[Black "Zaragatski,I"]
[Result "1-0"]
[WhiteElo "2598"]
[BlackElo "2475"]

1.Nf3 Nf6 2.c4 c5 3.Nc3 e6 4.g3 b6 5.Bg2 Bb7 6.O-O Be7 7.d4 cxd4 8.Qxd4 d6
9.b3 Nbd7 10.Nb5 Nc5 11.Rd1 d5 12.Bf4 O-O 13.b4 Nce4 14.cxd5 Qxd5 15.Qxd5 Nxd5
16.Ne5 Nxf4 17.gxf4 Bf6 18.Rac1 a6 19.Nd4 Bxe5 20.fxe5 Rfc8 21.e3 Bd5 22.Ne2 g5
23.f3 Rxc1 24.Rxc1 Nd2 25.Nd4 b5 26.e4 Bb7 27.Rc7 Rd8 28.Nxe6 fxe6 29.Rxb7 Nc4
30.Bh3 Rd1+ 31.Kf2 Rd2+ 32.Kg3 h5 33.Bxe6+ Kf8 34.Bxc4 bxc4 35.Rc7 h4+ 36.Kg4 Rxh2
37.Kxg5 Rf2 38.f4 h3  1-0

[Event "TCh-ROU Superliga"]
[Site "Eforie Nord ROU"]
[Date "2009.09.27"]
[Round "9"]
[White "Banikas,H"]
[Black "Milu,R"]
[Result "1-0"]
[WhiteElo "2599"]
[BlackElo "2425"]

1.c4 c5 2.Nf3 Nf6 3.Nc3 e6 4.g3 b6 5.Bg2 Bb7 6.O-O a6 7.d4 cxd4 8.Qxd4 Nc6
9.Qf4 Ne7 10.b3 Ng6 11.Qd2 Bb4 12.Qb2 O-O 13.Bd2 Rb8 14.Ne4 Be7 15.Nxf6+ Bxf6
16.Bc3 Bxc3 17.Qxc3 Qe7 18.Rfd1 Rfd8 19.Rac1 h6 20.Ne1 Bxg2 21.Nxg2 Nf8 22.e4 d6
23.Ne3 Nd7 24.Rc2 Nf6 25.f3 Qc7 26.Qd4 Qb7 27.Rcd2 Qc7 28.Kg2 Rd7 29.Qb2 Qc5
30.Rd3 h5 31.h4 Kf8 32.b4 Qc7 33.Qa3 b5 34.Rc1 bxc4 35.Nxc4 Rc8 36.Rdc3  1-0

[Event "10th Veselin Boskovic Mem"]
[Site "Beograd SRB"]
[Date "2009.10.01"]
[Round "4.2"]
[White "Ostojic,N1"]
[Black "Rajkovic,Du"]
[Result "0-1"]
[WhiteElo "2412"]
[BlackElo "2472"]

1.Nf3 Nf6 2.c4 c5 3.Nc3 b6 4.g3 Bb7 5.Bg2 g6 6.O-O Bg7 7.d4 Ne4 8.Nxe4 Bxe4
9.d5 O-O 10.Bh3 Bxf3 11.exf3 d6 12.Re1 Re8 13.Qa4 a6 14.Bf4 Ra7 15.Rab1 Nd7
16.Qa3 Ne5 17.Rec1 b5 18.cxb5 Qb6 19.b4 cxb4 20.Rxb4 axb5 21.Qb3 Qa6 22.Rc2 Qa3
23.Bxe5 Bxe5 24.f4 Bf6 25.Rxb5 Qxb3 26.axb3 Rea8 27.b4 Ra2 28.Rxa2 Rxa2 29.Rb8+ Kg7
30.b5 Bd4 31.Bc8 Rxf2 32.Kh1 Rb2 33.g4 Bc5 34.g5 h6 35.h4 hxg5 36.hxg5 Be3
37.Ba6 f6 38.Bc8 fxg5 39.fxg5 Bxg5 40.b6 Be3 41.b7 Bb6 42.Ra8 Bc7 43.Kg1 Kf6
44.Kf1 Ke5 45.Ke1 Kxd5 46.Kd1 g5 47.Kc1 Rb4 48.Kc2  0-1

[Event "10th Veselin Boskovic Mem"]
[Site "Beograd SRB"]
[Date "2009.10.02"]
[Round "5.2"]
[White "Arsovic,Z"]
[Black "Damljanovic,B"]
[Result "0-1"]
[WhiteElo "2468"]
[BlackElo "2559"]

1.Nf3 c5 2.c4 Nf6 3.Nc3 e6 4.e3 d6 5.d4 Nbd7 6.Be2 Be7 7.O-O O-O 8.d5 e5
9.e4 Ne8 10.Rb1 g6 11.Bh6 Ng7 12.Qd2 Kh8 13.Ne1 Nf6 14.Nd3 Ng8 15.Be3 f5
16.f4 exf4 17.Bxf4 g5 18.Be3 Bf6 19.e5 dxe5 20.Bxc5 Re8 21.g4 b6 22.Be3 e4
23.Nf2 f4 24.Ncxe4 fxe3 25.Qxe3 h6 26.Qd3 Rf8 27.Bd1 Ne8 28.Bc2 Qe7 29.Rbe1 Qh7
30.b4 Be5 31.h3 Qg7 32.Nxg5 Bd4 33.Nf3 Bxg4 34.hxg4 Qxg4+ 35.Kh2 Qf4+ 36.Kg2 Ngf6
37.Rg1 Rg8+ 38.Kf1 Bxf2 39.Kxf2 Nd6  0-1

[Event "USCL 2009"]
[Site "ICC INT"]
[Date "2009.10.05"]
[Round "6"]
[White "Kacheishvili,G"]
[Black "Kritz,L"]
[Result "1-0"]
[WhiteElo "2606"]
[BlackElo "2589"]

1.c4 c5 2.Nf3 Nf6 3.Nc3 b6 4.d4 cxd4 5.Nxd4 Bb7 6.f3 d6 7.e4 e6 8.Be2 Be7
9.O-O O-O 10.Be3 a6 11.Qd2 Qc7 12.Rfc1 Nbd7 13.a4 Rac8 14.a5 bxa5 15.Nb3 Qb8
16.Nxa5 Ba8 17.b4 Ne5 18.Rab1 Bd8 19.c5 dxc5 20.bxc5 Qc7 21.Bxa6 Qxa5 22.Bxc8 Nc4
23.Qd4 Nxe3 24.Ra1 Qc7 25.Rxa8 Be7 26.Ne2 Nxg2 27.Kxg2 Rxc8 28.Rxc8+ Qxc8
29.c6 Qc7 30.Qb2 Ne8 31.Qb7 Kf8 32.Qxc7 Nxc7 33.Rd1 Ke8 34.Rd7 Bd8 35.Nc3 Na6
36.Nb5  1-0

[Event "FSGM October"]
[Site "Budapest HUN"]
[Date "2009.10.06"]
[Round "4"]
[White "Shankland,S"]
[Black "Solomon,K"]
[Result "1-0"]
[WhiteElo "2474"]
[BlackElo "2369"]

1.Nf3 c5 2.c4 Nf6 3.Nc3 g6 4.e4 Bg7 5.d4 cxd4 6.Nxd4 Nc6 7.Be3 Ng4 8.Qxg4 Nxd4
9.Qd1 Ne6 10.Be2 b6 11.Qd2 Bb7 12.O-O O-O 13.f3 d6 14.b4 Re8 15.Rac1 Rc8
16.Nb5 Ra8 17.Rfd1 Bc6 18.Qd3 Bb2 19.Rb1 Be5 20.Qd2 Bg7 21.Rdc1 Qd7 22.Nc3 Rec8
23.a4 Rab8 24.Nd5 Nc7 25.b5 Bxd5 26.cxd5 Na8 27.Rc6 Rd8 28.Rbc1 Re8 29.f4 Red8
30.Bf2 f5 31.Bd3 fxe4 32.Bxe4 Kf8 33.g3 Qg4 34.Kg2 Bh6 35.Be3 Bg7 36.h3 Qd7
37.R1c2 Bf6 38.Qd3 Kg7 39.g4 Kh8 40.g5 Bg7 41.Bf3 Qf5 42.Qc4 h5 43.Be4 Qf7
44.Qd3 Kh7 45.Rf2 Qe8 46.f5 Be5 47.fxg6+ Kg7 48.Rcc2  1-0

[Event "LA Open"]
[Site "Los Angeles USA"]
[Date "2009.10.11"]
[Round "4"]
[White "Kudryavtsev,V"]
[Black "Akopian,R"]
[Result "1-0"]
[WhiteElo "2147"]
[BlackElo "2108"]

1.Nf3 Nf6 2.c4 c5 3.Nc3 e6 4.d4 cxd4 5.Nxd4 Qb6 6.g3 Nc6 7.Nb3 Ne5 8.e4 Bb4
9.Qe2 O-O 10.f4 Ng6 11.Bg2 d6 12.Be3 Bxc3+ 13.bxc3 Qc7 14.O-O Bd7 15.c5 dxc5
16.Bxc5 Rfe8 17.e5 Nd5 18.c4 Nde7 19.Bd6 Qc8 20.Nc5 Bc6 21.Rab1 b6 22.Ne4 Nf5
23.g4 Nfh4 24.Bh1 Kh8 25.Rbe1 Qb7 26.Qf2 f5 27.exf6 gxf6 28.Ba3 Rad8 29.Bb2 Kg8
30.Bxf6 Rf8 31.f5 exf5 32.gxf5 Nxf5 33.Qxf5 Rf7 34.Qg5 Rdd7 35.h4 h6 36.Qg3 Kh7
37.Bg2 Rf8 38.h5 Nh8 39.Qg4  1-0

[Event "17th TCh-Eur"]
[Site "Novi Sad SRB"]
[Date "2009.10.22"]
[Round "1"]
[White "Cvek,R"]
[Black "Thorfinnsson,Br"]
[Result "1/2-1/2"]
[WhiteElo "2518"]
[BlackElo "2360"]

1.Nf3 Nf6 2.c4 c5 3.Nc3 g6 4.d4 cxd4 5.Nxd4 Nc6 6.g3 d6 7.Bg2 Bd7 8.O-O Bg7
9.b3 Qc8 10.Bb2 Bh3 11.Nd5 Bxg2 12.Kxg2 Nxd5 13.cxd5 Nxd4 14.Bxd4 Bxd4 15.Qxd4 O-O
16.Rac1 Qd7 17.Rc4 Rfc8 18.Rfc1 a6 19.e4 Rxc4 20.Qxc4 Re8 21.h3 h5 22.a4 e6
23.dxe6 Qxe6 24.Qxe6 Rxe6 25.Kf3 Re7 26.Kf4 Kg7 27.Rd1 Rd7 28.Rd4 f6 29.g4 hxg4
30.h4 g5+ 31.Kf5 Kf7 32.Rd5 Rd8 33.Rd1 Re8  1/2-1/2

[Event "Chigorin Mem Open"]
[Site "St Petersburg RUS"]
[Date "2009.10.22"]
[Round "7"]
[White "Svetlov,D"]
[Black "Zhigalko,A"]
[Result "1/2-1/2"]
[WhiteElo "2399"]
[BlackElo "2601"]

1.Nf3 Nf6 2.c4 c5 3.Nc3 e6 4.g3 b6 5.Bg2 Bb7 6.d4 cxd4 7.Qxd4 Be7 8.Bg5 O-O
9.O-O d6 10.Bxf6 Bxf6 11.Qf4 Nc6 12.Rfd1 Qb8 13.Rac1 Ne5 14.b3 a6 15.Nxe5 Bxe5
16.Qe3 Bxg2 17.Kxg2 b5 18.Ne4 bxc4 19.bxc4 Rd8 20.f4 Bf6 21.Nxf6+ gxf6 22.f5 exf5
23.Rc2 Re8 24.Qf3 Re5 25.Rcd2 Qe8 26.Kf1 Kg7 27.Rxd6 Rc8 28.R1d4 Rcc5 29.Rd8 Qc6
30.Qxc6 Rxc6 31.R8d6 Rxd6 32.Rxd6 Ra5 33.Rd2 Kf8 34.Kf2 Rc5 35.Rc2 Ke7 36.Ke3 Kd6
37.Rd2+ Ke5 38.Kd3 Kd6 39.Kd4 Re5 40.e3 Ra5 41.Kc3+ Kc6 42.Kb4 Re5 43.Rd3 a5+
44.Ka4 Kc5 45.Rd5+ Kxc4 46.Rxa5 Rxe3 47.Rxf5 Re2 48.Rf4+ Kc5 49.a3 Rxh2 50.Rxf6  1/2-1/2

[Event "Chigorin Mem Open"]
[Site "St Petersburg RUS"]
[Date "2009.10.23"]
[Round "8"]
[White "Ionov,S"]
[Black "Gerasimov,I"]
[Result "1-0"]
[WhiteElo "2554"]
[BlackElo "2344"]

1.Nf3 c5 2.c4 Nf6 3.Nc3 e6 4.g3 b6 5.Bg2 Bb7 6.O-O Be7 7.Re1 d6 8.e4 a6 9.d4 cxd4
10.Nxd4 Qc7 11.Be3 O-O 12.Rc1 Nbd7 13.f4 Rac8 14.Bf2 Ba8 15.g4 Rfd8 16.g5 Ne8
17.b3 g6 18.h4 e5 19.Nd5 Bxd5 20.exd5 Ng7 21.Nc6 Re8 22.Bh3 f5 23.gxf6 Bxf6
24.Qg4 Nc5 25.fxe5 Bxe5 26.Nxe5 dxe5 27.Rcd1 Rcd8 28.b4 Nb7 29.c5 bxc5 30.bxc5 Nxc5
31.Qc4 Nce6 32.Qxc7 Nxc7 33.Bb6 Rxd5 34.Bxc7 Rc5 35.Rc1 Rxc1 36.Rxc1 Nf5
37.Bxf5 gxf5 38.Rc5 Rc8 39.Kf2 Kf7 40.h5 Kg8 41.a4 Kf7 42.a5 Kg8 43.Ke3 Kf7
44.Kd3 e4+ 45.Ke3  1-0

[Event "Chigorin Mem Open"]
[Site "St Petersburg RUS"]
[Date "2009.10.23"]
[Round "8"]
[White "Zakharchenko,A"]
[Black "Mukashev,A"]
[Result "1/2-1/2"]
[WhiteElo "2255"]
[BlackElo "2085"]

1.c4 c5 2.Nf3 Nf6 3.Nc3 d5 4.cxd5 Nxd5 5.g3 Nc6 6.Bg2 Nc7 7.O-O e5 8.d3 Be7
9.Nd2 Bd7 10.Nc4 O-O 11.Bxc6 Bxc6 12.Nxe5 Be8 13.Be3 f6 14.Nf3 Bc6 15.Qb3+ Kh8
16.d4 Nd5 17.Bd2 Nb6 18.dxc5 Bxc5 19.Rad1 Qe8 20.Bc1 Na4 21.Rde1 Rc8 22.Nxa4 Bxa4
23.Qxb7 Qe6 24.Nd2 Qxa2 25.Qe4 Rfe8 26.Qb1 Qxb1 27.Nxb1 Bb4 28.Nc3 Bxc3 29.bxc3 Bb5
30.Be3 Rxc3  1/2-1/2

[Event "Chigorin Mem Open"]
[Site "St Petersburg RUS"]
[Date "2009.10.23"]
[Round "8"]
[White "Khairullin,I"]
[Black "Papin,V"]
[Result "1/2-1/2"]
[WhiteElo "2604"]
[BlackElo "2529"]

1.c4 c5 2.Nf3 Nf6 3.Nc3 e6 4.e3 d5 5.cxd5 Nxd5 6.d4 cxd4 7.exd4 Bb4 8.Qc2 Nc6
9.Be2 O-O 10.O-O h6 11.a3 Ba5 12.Rd1 Nce7 13.Ne5 Bd7 14.Nxd5 exd5 15.Bd2 Rc8
16.Qb3 Bxd2 17.Rxd2 Qa5 18.Qb4 Qxb4 19.axb4 Be6 20.h3 a6 21.b5  1/2-1/2

[Event "Arco Open A"]
[Site "Arco ITA"]
[Date "2009.10.24"]
[Round "8"]
[White "Wohl,A"]
[Black "Van Riemsdijk,H"]
[Result "1/2-1/2"]
[WhiteElo "2417"]
[BlackElo "2385"]

1.Nf3 c5 2.c4 Nf6 3.Nc3 d5 4.cxd5 Nxd5 5.d4 cxd4 6.Qxd4 Nxc3 7.Qxc3 Nc6 8.e4 a6
9.Be2 e5 10.a3 Bd6 11.O-O Bg4 12.Be3 Rc8 13.Qb3 Qe7 14.Rad1 Be6 15.Qd3 Rd8
16.Qc2 Rc8 17.Qd3 Rd8 18.Qc2 Rc8 19.Qd3  1/2-1/2

[Event "Unive Open"]
[Site "Hoogeveen NED"]
[Date "2009.10.24"]
[Round "9"]
[White "Brodsky,M"]
[Black "Gruenfeld,Y"]
[Result "1-0"]
[WhiteElo "2530"]
[BlackElo "2474"]

1.Nf3 Nf6 2.c4 e6 3.Nc3 c5 4.e4 Nc6 5.Be2 a6 6.O-O Qc7 7.d4 cxd4 8.Nxd4 Bb4
9.Qd3 O-O 10.Bg5 Bxc3 11.bxc3 Qe5 12.Bxf6 Qxf6 13.c5 e5 14.Nb3 Rb8 15.Rfd1 b6
16.Qe3 b5 17.Rd6 Qe7 18.Rad1 Rb7 19.Nc1 Rc7 20.Nd3 a5 21.a3 Re8 22.Rb1 Rb7
23.Bd1 Kh8 24.h3 f6 25.Qd2 Qf8 26.Bb3 Rc7 27.Bd5 Ba6 28.h4 Rb8 29.h5 Bc8
30.Qe3 h6 31.f4 Qe8 32.Rf1 Qxh5 33.fxe5 Nxe5 34.Nxe5 Qxe5 35.Rfxf6  1-0

[Event "17th TCh-Eur"]
[Site "Novi Sad SRB"]
[Date "2009.10.24"]
[Round "3"]
[White "Halkias,S"]
[Black "Lupulescu,C"]
[Result "1/2-1/2"]
[WhiteElo "2570"]
[BlackElo "2599"]

1.Nf3 c5 2.c4 Nf6 3.Nc3 d5 4.cxd5 Nxd5 5.e4 Nxc3 6.dxc3 Qxd1+ 7.Kxd1 Nc6
8.Be3 e6 9.Kc2 Bd7 10.Be2 Be7 11.Rhd1 O-O-O 12.Rd2 Be8 13.a4 Rxd2+ 14.Nxd2 Na5
15.Bh5 f6 16.Bxe8 Rxe8 17.g4 h6 18.f4 Kc7 19.Rf1 b6  1/2-1/2